| 000 | 01206nam1a22003371 4500 | ||
|---|---|---|---|
| 001 | v19\rc\1460205 | ||
| 005 | 20060620105707.5 | ||
| 035 | _a(NLR Aleph) 004598146 | ||
| 090 |
_a2748942 _c2748942 |
||
| 100 | _a20060620g18641874|||y0rusy50 ca | ||
| 101 | 1 |
_arus _cger |
|
| 102 | _aRU | ||
| 105 | _ay z ||||| | ||
| 200 | 1 |
_aСистема языковедения _fСоч. К.В.Л. Гейзе, изд. после его смерти Штейнталем, прив.-доц. Берл. ун-та _gПер. с нем. [авт. предисл.] И. Желтов. Ч. 1-2 |
|
| 210 |
_aВоронеж _cтип. В. Гольдштейна _d1864-1874 |
||
| 215 |
_a2 т. _d20 |
||
| 700 | 1 |
_aГейзе _bК. В. Л. _f1797-1855 _gКарл Вильгельм Людвиг |
|
| 702 | 1 |
_aШтейнталь _bГ. _gГейманн _4650 |
|
| 702 | 1 |
_aЖелтов _bИ. _gИван _4730 _4080 |
|
| 801 | 0 |
_aRU _bNLR _gpsbo |
|
| 801 | 0 |
_aRU _bRuMoRGB _2psbo |
|
| 801 | 1 |
_aRU _bProSoft-M _2rusmarc |
|
| 852 |
_aNLR _j18.61.5.11 |
||
| 899 |
_aRuMoRGB _jE 56/135 |
||
| 899 |
_aRuMoRGB _jU 279/39 |
||
| 899 |
_aRuMoRGB _jN 51/232 |
||
| 899 | _aБАН | ||
| 899 | _aГПИБ | ||
| 899 | _aНБ МГУ | ||
| 942 | _cBOOK | ||
| 980 | _aNB | ||